| 000 | 00901 a2200205 4500 | ||
|---|---|---|---|
| 020 | _a0521863473 | ||
| 020 | _a9780521863476 | ||
| 082 | _a523.8875 | ||
| 090 |
_c1251 _d1251 |
||
| 100 | _aKaras, Vladimir. | ||
| 245 | 1 | 0 |
_aBlack holes / _cVladimir Karas, Giorgio Matt. |
| 260 |
_a[S.l.] : _bCambridge University Press, _c2007. |
||
| 300 |
_a504 p. ; _c25 cm. |
||
| 490 | 1 | _aIau S238): from stars to galaxies - across the range of masses (proceedings of the international astronomical union symposia and colloquia. | |
| 700 | 1 | _aKaras, Vladimir. | |
| 700 | 1 | _aMatt, Giorgio. | |
| 830 | 0 | _aIau S238): from stars to galaxies - across the range of masses (proceedings of the international astronomical union symposia and colloquia. | |
| 942 |
_aSNS _cBK _k523.8875 KAR |
||
| 999 |
_c29864 _d29864 |
||